[Event "FIDE World Youth U16 Chess Olympiad SLOVAKIA 2016"]
[Site "Poprad Tatry SLOVAKIA"]
[Date "2016.07.23"]
[Round "3"]
[Board "1"]
[White "Durica, Adam"]
[Black "Su, Zijin"]
[Result "1/2-1/2"]
[WhiteElo "1944"]
[BlackElo "1628"]
[PlyCount "57"]
[EventDate "2016.07.22"]
[EventType "team"]
[EventRounds "9"]
[EventCountry "SVK"]
[WhiteTeam "Slovakia LSS A"]
[BlackTeam "China 2"]

1. Nf3 g6 2. g3 Bg7 3. Bg2 e5 4. d3 d6 5. O-O f5 6. c4 Nf6 7. Nc3 O-O 8. e4 a5
9. Qb3 Kh8 10. Be3 Qe7 11. Ne1 c6 12. f4 Nbd7 13. exf5 Ng4 14. Bd2 gxf5 15. h3
Ngf6 16. Nf3 Nc5 17. Qc2 e4 18. dxe4 Nfxe4 19. Rae1 Qf6 20. Kh2 Bd7 21. Re2 h6
22. Nh4 Nxd2 23. Qxd2 Rfe8 24. Rfe1 Rxe2 25. Rxe2 Re8 26. Bf3 Rxe2+ 27. Qxe2
Qe6 28. Qd2 Bf6 29. Ng2 1/2-1/2

[Event "FIDE World Youth U16 Chess Olympiad SLOVAKIA 2016"]
[Site "Poprad Tatry SLOVAKIA"]
[Date "2016.07.23"]
[Round "3"]
[Board "2"]
[White "Peng, Shunkai"]
[Black "Brnusak, Andrej"]
[Result "1-0"]
[WhiteElo "1944"]
[BlackElo "1626"]
[PlyCount "63"]
[EventDate "2016.07.22"]
[EventType "team"]
[EventRounds "9"]
[EventCountry "SVK"]
[WhiteTeam "China 2"]
[BlackTeam "Slovakia LSS A"]

1. e4 c5 2. Nf3 e6 3. d3 Nc6 4. g3 Qc7 5. Bg2 Nf6 6. O-O d5 7. Qe2 dxe4 8. dxe4
Be7 9. e5 Nd5 10. c4 Nb6 11. Rd1 O-O 12. Nc3 a6 13. Bf4 Bd7 14. Ne4 Rad8 15.
Nf6+ Kh8 16. Ng5 h6 17. Qh5 Nxc4 18. Nxf7+ Rxf7 19. Qxf7 Rf8 20. Rxd7 Qxd7 21.
Qxf8+ Bxf8 22. Nxd7 Be7 23. Bxc6 bxc6 24. Rc1 Nxb2 25. Nxc5 g5 26. Be3 Bxc5 27.
Rxc5 Kg8 28. Rxc6 Kf7 29. Rc7+ Kg6 30. g4 Nd3 31. Bd4 Nf4 32. Kf1 1-0

[Event "FIDE World Youth U16 Chess Olympiad SLOVAKIA 2016"]
[Site "Poprad Tatry SLOVAKIA"]
[Date "2016.07.23"]
[Round "3"]
[Board "3"]
[White "Brnusak, Tomas"]
[Black "Yang, Zicheng"]
[Result "1-0"]
[WhiteElo "1632"]
[BlackElo "1442"]
[PlyCount "51"]
[EventDate "2016.07.22"]
[EventType "team"]
[EventRounds "9"]
[EventCountry "SVK"]
[WhiteTeam "Slovakia LSS A"]
[BlackTeam "China 2"]

1. d4 Nf6 2. c4 e6 3. Nc3 Bb4 4. e3 b6 5. Nge2 Bb7 6. a3 Bxc3+ 7. Nxc3 O-O 8.
Qc2 d6 9. f3 Kh8 10. Bd3 Nh5 11. O-O f5 12. e4 f4 13. Qf2 Qg5 14. Re1 Rf6 15.
e5 Rh6 16. g4 dxe5 17. Rxe5 Qd8 18. Rxh5 Rxh5 19. gxh5 Qg5+ 20. Qg2 Qxh5 21.
Qg4 Qe8 22. Bxf4 Qd8 23. Be5 Qd7 24. Qh5 h6 25. Qg6 Kg8 26. Qh7+ 1-0

[Event "FIDE World Youth U16 Chess Olympiad SLOVAKIA 2016"]
[Site "Poprad Tatry SLOVAKIA"]
[Date "2016.07.23"]
[Round "3"]
[Board "4"]
[White "Liu, Suhui"]
[Black "Korenova, Simona"]
[Result "0-1"]
[WhiteElo "1594"]
[BlackElo "1638"]
[PlyCount "101"]
[EventDate "2016.07.22"]
[EventType "team"]
[EventRounds "9"]
[EventCountry "SVK"]
[WhiteTeam "China 2"]
[BlackTeam "Slovakia LSS A"]

1. e4 d5 2. exd5 Nf6 3. c4 c6 4. dxc6 Nxc6 5. Nf3 e5 6. d3 Bf5 7. Nc3 Bb4 8.
Be2 O-O 9. O-O Qd7 10. Nh4 Be6 11. Ne4 Nxe4 12. dxe4 Qe7 13. Nf3 Rfd8 14. Qc2
Rac8 15. a3 Bc5 16. b4 Bd4 17. Bb2 b6 18. Rfd1 Bxb2 19. Qxb2 f6 20. Rac1 Qf7
21. c5 bxc5 22. Rxc5 Rxd1+ 23. Bxd1 Rd8 24. Rc1 Nd4 25. h3 Qg6 26. Nxd4 Rxd4
27. Bc2 Rd2 28. Qc3 Rd8 29. Bb3 Qf7 30. Bxe6 Qxe6 31. Qc4 Qxc4 32. Rxc4 Rd7 33.
a4 Kf7 34. b5 Rb7 35. Rc6 Ke7 36. f3 Kd7 37. Rc1 Rb6 38. Kf2 Rb7 39. Ke3 Rb6
40. Rc5 Kd6 41. Rd5+ Kc7 42. Kd3 a6 43. Kc4 a5 44. Rc5+ Kb7 45. Kd5 Kb8 46. Rc6
Rb7 47. Ra6 Rd7+ 48. Rd6 Rc7 49. b6 Rc2 50. Rd8+ Kb7 51. Rd7+ 0-1

[Event "FIDE World Youth U16 Chess Olympiad SLOVAKIA 2016"]
[Site "Poprad Tatry SLOVAKIA"]
[Date "2016.07.23"]
[Round "3"]
[Board "1"]
[White "Kardis, Benjamin"]
[Black "Sahidi, Samir"]
[Result "0-1"]
[WhiteElo "1720"]
[BlackElo "2216"]
[PlyCount "44"]
[EventDate "2016.07.22"]
[EventType "team"]
[EventRounds "9"]
[EventCountry "SVK"]
[WhiteTeam "Slovakia PSZ"]
[BlackTeam "Slovakia 2"]

1. e4 d5 2. exd5 Qxd5 3. Nc3 Qa5 4. d4 Nf6 5. Nf3 Bg4 6. h3 Bh5 7. g4 Bg6 8.
Bd2 Qb6 9. Na4 Qd6 10. Be3 Nc6 11. Nh4 Be4 12. Bg2 Bxg2 13. Nxg2 O-O-O 14. c3
e5 15. dxe5 Qxe5 16. Qc2 b5 17. Qe2 Kb7 18. Nf4 bxa4 19. Nd3 Qd5 20. O-O-O Qxa2
21. Bc5 Rxd3 22. Bxf8 Rxc3+ 0-1

[Event "FIDE World Youth U16 Chess Olympiad SLOVAKIA 2016"]
[Site "Poprad Tatry SLOVAKIA"]
[Date "2016.07.23"]
[Round "3"]
[Board "2"]
[White "Haring, Filip"]
[Black "Verbovsky, Michal"]
[Result "1-0"]
[WhiteElo "2155"]
[BlackElo "1685"]
[PlyCount "43"]
[EventDate "2016.07.22"]
[EventType "team"]
[EventRounds "9"]
[EventCountry "SVK"]
[WhiteTeam "Slovakia 2"]
[BlackTeam "Slovakia PSZ"]

1. e4 c5 2. Nf3 d6 3. d4 cxd4 4. Nxd4 Nf6 5. Nc3 e6 6. Be3 Be7 7. f3 a6 8. Qd2
Bd7 9. Bc4 Qc7 10. Bb3 Nc6 11. O-O-O O-O 12. g4 b5 13. g5 Nh5 14. Nce2 Rab8 15.
Ng3 Nxd4 16. Bxd4 e5 17. Nxh5 exd4 18. Qxd4 Bxg5+ 19. Kb1 Bh6 20. Rhg1 Qc5 21.
Rxg7+ Kh8 22. Rg8+ 1-0

[Event "FIDE World Youth U16 Chess Olympiad SLOVAKIA 2016"]
[Site "Poprad Tatry SLOVAKIA"]
[Date "2016.07.23"]
[Round "3"]
[Board "3"]
[White "Cisko, Miloslav"]
[Black "Bango, Lukas"]
[Result "0-1"]
[WhiteElo "1631"]
[BlackElo "2109"]
[PlyCount "38"]
[EventDate "2016.07.22"]
[EventType "team"]
[EventRounds "9"]
[EventCountry "SVK"]
[WhiteTeam "Slovakia PSZ"]
[BlackTeam "Slovakia 2"]

1. e4 c5 2. Nf3 d6 3. d4 cxd4 4. Nxd4 Nf6 5. Nc3 g6 6. Be2 Bg7 7. Be3 O-O 8. f3
Nc6 9. Qd2 d5 10. exd5 Nxd5 11. Nxd5 Qxd5 12. Nxc6 Qxc6 13. O-O-O Be6 14. Kb1
Rac8 15. Bd3 Qd5 16. b3 Qe5 17. c3 Rxc3 18. Rc1 Rxd3 19. Qf2 Rxe3 0-1

[Event "FIDE World Youth U16 Chess Olympiad SLOVAKIA 2016"]
[Site "Poprad Tatry SLOVAKIA"]
[Date "2016.07.23"]
[Round "3"]
[Board "4"]
[White "Tomcikova, Dominika"]
[Black "Liscinska, Lucia"]
[Result "1/2-1/2"]
[WhiteElo "1877"]
[BlackElo "1619"]
[PlyCount "78"]
[EventDate "2016.07.22"]
[EventType "team"]
[EventRounds "9"]
[EventCountry "SVK"]
[WhiteTeam "Slovakia 2"]
[BlackTeam "Slovakia PSZ"]

1. e4 e5 2. Nf3 Nc6 3. Bc4 Bc5 4. c3 Nf6 5. d3 d6 6. b4 Bb6 7. a4 a6 8. h3 h6
9. O-O Be6 10. Bxe6 fxe6 11. Nbd2 Qd7 12. Nc4 Ba7 13. Be3 g5 14. Nh2 Qg7 15.
Ng4 h5 16. Nxf6+ Qxf6 17. Bxa7 Nxa7 18. f3 O-O 19. d4 exd4 20. Qxd4 Qxd4+ 21.
cxd4 Nc6 22. Rfd1 Nxb4 23. Rab1 a5 24. Nxa5 Rxa5 25. Rxb4 b6 26. Rc1 Rf7 27.
Kf2 Kg7 28. Ke3 Kf6 29. g3 Rg7 30. Rbc4 Ra7 31. f4 gxf4+ 32. Kxf4 c5 33. Rb1
cxd4 34. Rxb6 e5+ 35. Kf3 Ke6 36. Rb3 Rgf7+ 37. Ke2 Ra6 38. Rf3 Rxf3 39. Kxf3
d5 1/2-1/2

[Event "FIDE World Youth U16 Chess Olympiad SLOVAKIA 2016"]
[Site "Poprad Tatry SLOVAKIA"]
[Date "2016.07.23"]
[Round "3"]
[Board "1"]
[White "Holly, Andrej"]
[Black "Kostolansky, Sebastian Lukas"]
[Result "1/2-1/2"]
[WhiteElo "1783"]
[BlackElo "1962"]
[PlyCount "136"]
[EventDate "2016.07.22"]
[EventType "team"]
[EventRounds "9"]
[EventCountry "SVK"]
[WhiteTeam "Slovakia LSS B"]
[BlackTeam "Slovakia BSZ"]

1. e4 e6 2. d3 d5 3. Nd2 Nf6 4. g3 Be7 5. Bg2 c5 6. Ngf3 O-O 7. O-O Nc6 8. Re1
Qc7 9. e5 Nd7 10. Qe2 b5 11. Nf1 Ba6 12. h4 Rac8 13. N1h2 b4 14. h5 Nd4 15.
Nxd4 cxd4 16. Qg4 Nxe5 17. Qxd4 Nc6 18. Qg4 Bf6 19. h6 Ne5 20. Qxb4 Qxc2 21.
Ng4 Nxg4 22. Qxg4 Qxd3 23. Bf1 Qd4 24. Qxd4 Bxd4 25. Bxa6 Rc2 26. Re2 Rfc8 27.
Rxc2 Rxc2 28. Be3 Bxe3 29. fxe3 Rxb2 30. hxg7 Kxg7 31. a4 f5 32. Rc1 Kf6 33.
Rc7 h5 34. Rxa7 Ke5 35. a5 Ke4 36. Bc8 e5 37. a6 Kxe3 38. Rb7 Ra2 39. a7 d4 40.
Bxf5 d3 41. Bg6 e4 42. Re7 d2 43. Bxh5 Kd3 44. Rd7+ Kc3 45. Rc7+ Kd3 46. Rd7+
Kc3 47. Be2 e3 48. Kg2 d1=Q 49. Rxd1 Rxe2+ 50. Kf3 Ra2 51. Kxe3 Rxa7 52. Rc1+
Kb2 53. Rg1 Kc3 54. Rc1+ Kb2 55. Rc5 Ra4 56. Kf3 Kb3 57. g4 Kb4 58. Re5 Kc3 59.
Re4 Ra1 60. g5 Kd3 61. Rh4 Rf1+ 62. Kg4 Ke4 63. Kh5+ Kf5 64. Rg4 Rh1+ 65. Rh4
Rg1 66. Rh2 Rxg5+ 67. Kh6 Rg8 68. Rf2+ Ke6 1/2-1/2

[Event "FIDE World Youth U16 Chess Olympiad SLOVAKIA 2016"]
[Site "Poprad Tatry SLOVAKIA"]
[Date "2016.07.23"]
[Round "3"]
[Board "2"]
[White "Sandor, Martin"]
[Black "Sromovska, Livia"]
[Result "1-0"]
[WhiteElo "1763"]
[BlackElo "1631"]
[PlyCount "95"]
[EventDate "2016.07.22"]
[EventType "team"]
[EventRounds "9"]
[EventCountry "SVK"]
[WhiteTeam "Slovakia BSZ"]
[BlackTeam "Slovakia LSS B"]

1. e4 e5 2. Nf3 Nc6 3. Nc3 Bc5 4. Nxe5 Nxe5 5. d4 Bd6 6. dxe5 Bxe5 7. Bd2 d6 8.
Bc4 Qe7 9. Nd5 Qd7 10. Bc3 Bxc3+ 11. Nxc3 Nf6 12. O-O O-O 13. Re1 Re8 14. h3 b6
15. Qd4 Bb7 16. Rad1 Rad8 17. f3 Re5 18. Rd2 Rg5 19. Kh2 Qe7 20. Qe3 Rc5 21.
Bb3 Nh5 22. Nd5 Bxd5 23. Rxd5 Rxd5 24. exd5 Qxe3 25. Rxe3 Kf8 26. Ba4 Nf6 27.
c4 a6 28. Bc6 b5 29. cxb5 axb5 30. Rb3 Rb8 31. a4 b4 32. a5 Nxd5 33. Bxd5 Rb5
34. Be4 f5 35. Bd3 Rxa5 36. Rxb4 Ra2 37. Bxf5 g6 38. Be6 Ra7 39. Bd5 Ke7 40.
Kg3 Ra5 41. Be4 d5 42. Bd3 Ra7 43. Rh4 Rb7 44. b4 Kf6 45. Rxh7 Rxb4 46. Rxc7
Rb6 47. Rd7 Ke5 48. Rg7 1-0

[Event "FIDE World Youth U16 Chess Olympiad SLOVAKIA 2016"]
[Site "Poprad Tatry SLOVAKIA"]
[Date "2016.07.23"]
[Round "3"]
[Board "3"]
[White "Pogadl, Jakub"]
[Black "Vozarova, Adriana"]
[Result "1/2-1/2"]
[WhiteElo "1422"]
[BlackElo "1561"]
[PlyCount "93"]
[EventDate "2016.07.22"]
[EventType "team"]
[EventRounds "9"]
[EventCountry "SVK"]
[WhiteTeam "Slovakia LSS B"]
[BlackTeam "Slovakia BSZ"]

1. c4 e5 2. Nc3 Nf6 3. g3 Nc6 4. Bg2 Bc5 5. e3 O-O 6. Nge2 Re8 7. O-O a6 8. a3
d6 9. b4 Ba7 10. d4 exd4 11. exd4 Bg4 12. Be3 Ne7 13. Bxb7 Rb8 14. Bxa6 Bf3 15.
Bg5 Ng6 16. Qd3 Bg4 17. Rfe1 h6 18. Be3 Qd7 19. Nf4 Bf5 20. Qd2 Ne4 21. Nxe4
Nxf4 22. Nf6+ gxf6 23. Bxf4 Bh3 24. c5 Qc6 25. Bf1 Bxf1 26. Rxf1 dxc5 27. dxc5
Rbd8 28. Qc1 h5 29. Rd1 Qf3 30. Rxd8 Rxd8 31. Bxc7 Rd7 32. Bd6 Kg7 33. Qe3 Qc6
34. Qe8 Rxd6 35. Qxc6 Rxc6 36. Rd1 Ra6 37. Rd3 Rc6 38. Rd7 Bxc5 39. bxc5 Rxc5
40. Rd2 Rc1+ 41. Kg2 Ra1 42. Rd3 Ra2 43. Kf3 Kg6 44. Rb3 Kg5 45. Rc3 f5 46. Kg2
f4 47. Rb3 1/2-1/2

[Event "FIDE World Youth U16 Chess Olympiad SLOVAKIA 2016"]
[Site "Poprad Tatry SLOVAKIA"]
[Date "2016.07.23"]
[Round "3"]
[Board "4"]
[White "Petrek, David"]
[Black "Datelova, Daniela"]
[Result "0-1"]
[WhiteElo "1548"]
[BlackElo "1272"]
[PlyCount "66"]
[EventDate "2016.07.22"]
[EventType "team"]
[EventRounds "9"]
[EventCountry "SVK"]
[WhiteTeam "Slovakia BSZ"]
[BlackTeam "Slovakia LSS B"]

1. e4 d5 2. exd5 Nf6 3. d4 Nxd5 4. Nf3 Nc6 5. c4 Nf6 6. Be2 Bf5 7. O-O e6 8.
Nc3 Bb4 9. Bg5 O-O 10. a3 Bxc3 11. bxc3 h6 12. Bh4 Re8 13. Qb3 b6 14. Rad1 Na5
15. Qa2 c6 16. d5 exd5 17. cxd5 cxd5 18. Bxf6 Qxf6 19. Rxd5 Be6 20. Bb5 Bxd5
21. Qxd5 Red8 22. Qe5 Qxe5 23. Nxe5 Rd5 24. Bc6 Nxc6 25. Nxc6 Rc5 26. Nb4 Rxc3
27. Ra1 Rac8 28. g3 Rc1+ 29. Rxc1 Rxc1+ 30. Kg2 Rc3 31. a4 Rc4 32. Nd5 Rxa4 33.
Ne7+ Kf8 0-1

[Event "FIDE World Youth U16 Chess Olympiad SLOVAKIA 2016"]
[Site "Poprad Tatry SLOVAKIA"]
[Date "2016.07.23"]
[Round "3"]
[Board "1"]
[White "Ihnat, Marek"]
[Black "Ieong, Seak Hin"]
[Result "1-0"]
[WhiteElo "1827"]
[BlackElo "1726"]
[PlyCount "63"]
[EventDate "2016.07.22"]
[EventType "team"]
[EventRounds "9"]
[EventCountry "SVK"]
[WhiteTeam "Slovakia KSZ"]
[BlackTeam "Macau"]

1. e4 e5 2. Nc3 Nc6 3. Bc4 Nf6 4. d3 h6 5. f4 exf4 6. Bxf4 d6 7. Nf3 Be6 8.
Bxe6 fxe6 9. O-O e5 10. Be3 Qd7 11. Nh4 Ne7 12. Qe1 O-O-O 13. a4 Kb8 14. b4 Ng4
15. b5 g5 16. Nf3 Ng6 17. a5 Nxe3 18. Qxe3 g4 19. Nd2 h5 20. Rfb1 Bh6 21. Qe1
Rhg8 22. Nd5 Rdf8 23. b6 g3 24. bxc7+ Kc8 25. Nc4 gxh2+ 26. Kh1 Qc6 27. Qb4 Kd7
28. Qxb7 Qxb7 29. Rxb7 Ke6 30. Rxa7 h4 31. Ncb6 h3 32. g3 1-0

[Event "FIDE World Youth U16 Chess Olympiad SLOVAKIA 2016"]
[Site "Poprad Tatry SLOVAKIA"]
[Date "2016.07.23"]
[Round "3"]
[Board "2"]
[White "Ip, Seng Tou"]
[Black "Ondo, Tomas"]
[Result "1-0"]
[WhiteElo "1564"]
[BlackElo "1795"]
[PlyCount "87"]
[EventDate "2016.07.22"]
[EventType "team"]
[EventRounds "9"]
[EventCountry "SVK"]
[WhiteTeam "Macau"]
[BlackTeam "Slovakia KSZ"]

1. e4 e5 2. Nf3 Nc6 3. Bb5 a6 4. Bxc6 dxc6 5. O-O Bd6 6. d4 Qe7 7. c4 c5 8. d5
Nf6 9. Qe2 h6 10. Nc3 O-O 11. b3 Nh7 12. Re1 Bg4 13. h3 Bh5 14. Qe3 Rae8 15.
Ne2 Qd7 16. g4 Bg6 17. Ng3 f6 18. Nh4 Bf7 19. Nhf5 Bg6 20. Kh2 Ng5 21. h4 Nf7
22. Rg1 Be7 23. Nh5 Bxf5 24. gxf5 Ng5 25. hxg5 fxg5 26. Bb2 Bd6 27. Ng3 Qe7 28.
Kg2 Qf6 29. Rh1 Kf7 30. Nh5 Qd8 31. Rh3 Rh8 32. Rah1 Reg8 33. Qf3 Qe7 34. Ng3
Ke8 35. Qh5+ Kd8 36. Qg6 Rf8 37. Qe6 Rf7 38. Qxe7+ Kxe7 39. Nf1 Re8 40. Ne3 Kd7
41. Ng4 b6 42. f6 gxf6 43. Rxh6 Be7 44. Bxe5 1-0

[Event "FIDE World Youth U16 Chess Olympiad SLOVAKIA 2016"]
[Site "Poprad Tatry SLOVAKIA"]
[Date "2016.07.23"]
[Round "3"]
[Board "3"]
[White "Petura, Samuel"]
[Black "Ip, Weng Tou"]
[Result "0-1"]
[WhiteElo "1632"]
[BlackElo "1490"]
[PlyCount "73"]
[EventDate "2016.07.22"]
[EventType "team"]
[EventRounds "9"]
[EventCountry "SVK"]
[WhiteTeam "Slovakia KSZ"]
[BlackTeam "Macau"]

1. e4 e5 2. Nf3 Nc6 3. Bc4 Bc5 4. O-O Nf6 5. d3 h6 6. Nc3 O-O 7. h3 d6 8. Be3
Bb6 9. Re1 Na5 10. Bb3 Nh7 11. d4 Nc6 12. Qd2 Qf6 13. Nd5 Qg6 14. Kf1 Re8 15.
Qd3 Qh5 16. c3 Bxh3 17. Bxh6 Bxg2+ 18. Kxg2 Qxh6 19. Rh1 Qg6+ 20. Kf1 exd4 21.
Re1 dxc3 22. Nxc3 Ba5 23. Rg1 Qf6 24. Nd5 Qh6 25. Rd1 Bb6 26. Nxb6 axb6 27. Qc3
Qf6 28. Qd3 Ne5 29. Nxe5 Rxe5 30. Re1 Rae8 31. Bd5 c6 32. Bb3 d5 33. Qg3 Rxe4
34. Rd1 Qxb2 35. Bc2 R4e7 36. Rb1 Qe5 37. Qh4 0-1

[Event "FIDE World Youth U16 Chess Olympiad SLOVAKIA 2016"]
[Site "Poprad Tatry SLOVAKIA"]
[Date "2016.07.23"]
[Round "3"]
[Board "4"]
[White "Ieong, Pui Kuan"]
[Black "Hadzala, Juraj"]
[Result "0-1"]
[WhiteElo "1220"]
[BlackElo "1516"]
[PlyCount "136"]
[EventDate "2016.07.22"]
[EventType "team"]
[EventRounds "9"]
[EventCountry "SVK"]
[WhiteTeam "Macau"]
[BlackTeam "Slovakia KSZ"]

1. e4 c5 2. Nf3 d6 3. d4 cxd4 4. Nxd4 Nf6 5. Nc3 g6 6. Bc4 Bg7 7. O-O O-O 8.
Re1 Nc6 9. f3 Bd7 10. Be3 Rc8 11. Bb5 Ne5 12. Bf2 a6 13. Bxd7 Nfxd7 14. Nce2
Nc6 15. c3 Nde5 16. Qc2 Nc4 17. Rad1 b5 18. Nxc6 Rxc6 19. Nf4 Bh6 20. Nd5 a5
21. b3 Ne5 22. f4 Ng4 23. g3 Nxf2 24. Kxf2 e6 25. Ne3 Qb6 26. Kf3 Rfc8 27. Rd3
Bg7 28. Rc1 Rxc3 29. Rxc3 Rxc3 30. Qd2 Rxc1 31. Qxc1 Bd4 32. Qd2 Bxe3 33. Qxe3
Qxe3+ 34. Kxe3 e5 35. fxe5 dxe5 36. h4 Kg7 37. Kf3 f5 38. Ke3 Kf6 39. Kf3 Ke6
40. a3 Kd6 41. Ke3 Kc5 42. Kd3 b4 43. a4 f4 44. gxf4 exf4 45. e5 Kd5 46. e6
Kxe6 47. Ke4 f3 48. Kxf3 Ke5 49. Ke3 h6 50. Kd3 Kf4 51. Kc4 g5 52. hxg5 hxg5
53. Kb5 g4 54. Kxa5 g3 55. Kxb4 Ke5 56. Ka3 g2 57. b4 g1=Q 58. Kb3 Qd4 59. a5
Kd6 60. Ka4 Kc6 61. Kb3 Kb5 62. a6 Kxa6 63. Kc2 Kb5 64. Kb3 Qc4+ 65. Ka3 Qxb4+
66. Ka2 Kc4 67. Ka1 Kc3 68. Ka2 Qb2# 0-1

[Event "FIDE World Youth U16 Chess Olympiad SLOVAKIA 2016"]
[Site "Poprad Tatry SLOVAKIA"]
[Date "2016.07.23"]
[Round "3"]
[Board "1"]
[White "Wolmarans, Riekie"]
[Black "Sankova, Stella"]
[Result "0-1"]
[WhiteElo "1429"]
[BlackElo "1911"]
[PlyCount "62"]
[EventDate "2016.07.22"]
[EventType "team"]
[EventRounds "9"]
[EventCountry "SVK"]
[WhiteTeam "South Africa 3"]
[BlackTeam "Slovakia RSA BB Detva"]

1. d4 d5 2. e3 Bf5 3. Nf3 Nf6 4. Bd3 Bxd3 5. Qxd3 c6 6. Nbd2 e6 7. b3 Be7 8. e4
dxe4 9. Nxe4 Nbd7 10. Bf4 Nxe4 11. Qxe4 Nf6 12. Qd3 Nd5 13. Bg3 Qa5+ 14. Qd2
Bb4 15. Be5 Bxd2+ 16. Nxd2 Qc3 17. O-O Qxd2 18. Bxg7 Rg8 19. Be5 Qxc2 20. Rfe1
Kd7 21. Bg3 Rg4 22. Rec1 Qf5 23. Re1 Rxd4 24. Re5 Qc2 25. Ree1 Rg8 26. h3 h5
27. h4 Rxg3 28. Rec1 Rxg2+ 29. Kxg2 Rg4+ 30. Kf1 Qd3+ 31. Ke1 Rg1# 0-1

[Event "FIDE World Youth U16 Chess Olympiad SLOVAKIA 2016"]
[Site "Poprad Tatry SLOVAKIA"]
[Date "2016.07.23"]
[Round "3"]
[Board "2"]
[White "Cibikova, Sofia Anna"]
[Black "Kara, Zahra"]
[Result "1-0"]
[WhiteElo "1682"]
[BlackElo "1335"]
[PlyCount "115"]
[EventDate "2016.07.22"]
[EventType "team"]
[EventRounds "9"]
[EventCountry "SVK"]
[WhiteTeam "Slovakia RSA BB Detva"]
[BlackTeam "South Africa 3"]

1. Nf3 d5 2. d4 Nf6 3. Bf4 Bf5 4. e3 a6 5. c4 dxc4 6. Bxc4 e6 7. O-O Bd6 8. Bg5
Nbd7 9. Nc3 h6 10. Bxf6 Nxf6 11. Re1 Ne4 12. Bd3 Nxc3 13. bxc3 Bxd3 14. Qxd3
O-O 15. c4 Re8 16. Rab1 Rb8 17. Red1 Qf6 18. c5 Be7 19. Ne5 Red8 20. c6 b5 21.
Nd7 Rxd7 22. cxd7 Rd8 23. Qe4 Rxd7 24. Qa8+ Rd8 25. Qxa6 b4 26. Qc4 Rd7 27. Qc6
Rd8 28. Qxc7 Bd6 29. Qc2 Be7 30. Qe4 Rd5 31. Rdc1 Rd8 32. Rc2 Kh8 33. Rbc1 g6
34. Rc8 Rxc8 35. Rxc8+ Kg7 36. Qe5 Qxe5 37. dxe5 f6 38. exf6+ Kxf6 39. Kf1 g5
40. Ke2 Kf5 41. Kd3 e5 42. Kc4 h5 43. Rb8 h4 44. Rxb4 Bxb4 45. Kxb4 Ke6 46. Kc5
g4 47. a4 e4 48. Kc6 Ke5 49. a5 Ke6 50. a6 Kf5 51. a7 g3 52. fxg3 hxg3 53. h3
Kg5 54. a8=Q Kh5 55. Qg8 Kh6 56. Kd6 Kh5 57. Qg7 Kh4 58. Qg4# 1-0

[Event "FIDE World Youth U16 Chess Olympiad SLOVAKIA 2016"]
[Site "Poprad Tatry SLOVAKIA"]
[Date "2016.07.23"]
[Round "3"]
[Board "3"]
[White "Du Plessis, Anika"]
[Black "Cabanova, Kristina"]
[Result "1-0"]
[WhiteElo "1248"]
[BlackElo "1609"]
[PlyCount "97"]
[EventDate "2016.07.22"]
[EventType "team"]
[EventRounds "9"]
[EventCountry "SVK"]
[WhiteTeam "South Africa 3"]
[BlackTeam "Slovakia RSA BB Detva"]

1. d4 d5 2. Nf3 Nf6 3. c4 c6 4. Nc3 e6 5. Bg5 Nbd7 6. e3 Be7 7. Bd3 O-O 8. O-O
b6 9. Qc2 h6 10. Bh4 Bb7 11. cxd5 exd5 12. Rac1 c5 13. Bf5 Ne8 14. Bg3 Nd6 15.
Bh7+ Kh8 16. Ne5 Nf6 17. Bd3 Nde4 18. Nxe4 dxe4 19. Bc4 Kg8 20. Rfd1 Qe8 21.
Ng6 b5 22. Bxb5 Qxb5 23. Nxe7+ Kh8 24. dxc5 Rfe8 25. Bd6 Ng8 26. Nf5 Rac8 27.
Bg3 Red8 28. Nd6 Rxd6 29. Bxd6 Nf6 30. a4 Qc6 31. b4 a6 32. Qb3 Qe8 33. b5 axb5
34. axb5 Ba8 35. b6 Qc6 36. Qxf7 Nd7 37. h3 Qb5 38. Qe6 Qc6 39. Qb3 Bb7 40. Rc3
Ra8 41. Qc2 Rc8 42. Be7 Qe6 43. Bd6 Bc6 44. Ra3 Ra8 45. Rxa8+ Bxa8 46. Qa4 Bd5
47. Qa7 Bb3 48. Rc1 Qd5 49. Qxd7 1-0

[Event "FIDE World Youth U16 Chess Olympiad SLOVAKIA 2016"]
[Site "Poprad Tatry SLOVAKIA"]
[Date "2016.07.23"]
[Round "3"]
[Board "4"]
[White "Bobrova, Katarina"]
[Black "Van Heerden, Lara"]
[Result "0-1"]
[WhiteElo "1370"]
[BlackElo "1259"]
[PlyCount "172"]
[EventDate "2016.07.22"]
[EventType "team"]
[EventRounds "9"]
[EventCountry "SVK"]
[WhiteTeam "Slovakia RSA BB Detva"]
[BlackTeam "South Africa 3"]

1. Nf3 d5 2. d4 Nc6 3. Bf4 Nf6 4. e3 a6 5. c4 e6 6. Nbd2 Be7 7. Be2 b6 8. O-O
Bb7 9. Rc1 Rc8 10. a3 a5 11. Qc2 O-O 12. Rfd1 Bd6 13. Bg3 Ne7 14. Bd3 Re8 15.
e4 dxe4 16. Nxe4 Ng6 17. Bxd6 cxd6 18. Qb1 Nf4 19. Nxf6+ Qxf6 20. Bxh7+ Kf8 21.
Bd3 Bxf3 22. gxf3 Qg5+ 23. Kf1 Qg2+ 24. Ke1 Qxf3 25. Qc2 Ng2+ 26. Kd2 b5 27. b3
Nf4 28. Kc3 d5 29. Kb2 bxc4 30. bxc4 Rb8+ 31. Ka2 Rec8 32. Qd2 dxc4 33. Bxc4 a4
34. Rc3 Qb7 35. Rc2 Nd5 36. Rdc1 Ne7 37. Qd3 Qb6 38. h3 g6 39. Qd2 Kg7 40. Rb2
Qd6 41. Rxb8 Rxb8 42. Qc3 Kh7 43. Rb1 Rc8 44. Qd3 Qf4 45. Rb2 Nf5 46. Bb5 Rd8
47. Bxa4 Rxd4 48. Rb4 Rxb4 49. axb4 Qxb4 50. Bb3 Kh6 51. Qe2 Qd6 52. Qb2 Kh7
53. Bc2 Qd5+ 54. Bb3 Qa5+ 55. Kb1 Qb5 56. Qc3 Qf1+ 57. Ka2 Qxf2+ 58. Ka3 Qe3
59. Qc7 Kg7 60. Ka4 Nd4 61. Qb6 Qc3 62. Qb7 Qxh3 63. Ba2 Qc3 64. Qb6 Qc6+ 65.
Qxc6 Nxc6 66. Kb5 Ne5 67. Kc5 g5 68. Kd4 Kf6 69. Ke4 g4 70. Kf4 Nd3+ 71. Kxg4
Ke5 72. Kf3 f5 73. Ke3 Nc5 74. Bc4 f4+ 75. Kf3 Kf5 76. Ba2 e5 77. Bb1+ e4+ 78.
Kf2 Nd3+ 79. Ke2 Kg4 80. Bc2 Kg3 81. Bd1 Nf2 82. Bc2 e3 83. Bb3 Ne4 84. Bc4
Nc3+ 85. Kf1 e2+ 86. Ke1 f3 0-1

[Event "FIDE World Youth U16 Chess Olympiad SLOVAKIA 2016"]
[Site "Poprad Tatry SLOVAKIA"]
[Date "2016.07.24"]
[Round "4"]
[Board "1"]
[White "Golubov, Saveliy"]
[Black "Martirosyan, Haik M."]
[Result "1/2-1/2"]
[WhiteElo "2497"]
[BlackElo "2450"]
[PlyCount "35"]
[EventDate "2016.07.22"]
[EventType "team"]
[EventRounds "9"]
[EventCountry "SVK"]
[WhiteTeam "Russia"]
[BlackTeam "Armenia"]

1. e4 e5 2. Nf3 Nc6 3. Nc3 Nf6 4. Be2 Be7 5. d4 d6 6. dxe5 dxe5 7. Qxd8+ Bxd8
8. Bb5 Bd7 9. Bxc6 Bxc6 10. Nxe5 Bxe4 11. Nxe4 Nxe4 12. O-O Bf6 13. Ng4 O-O-O
14. Nxf6 Nxf6 15. Bg5 Rd6 16. Rfe1 Re8 17. Rxe8+ Nxe8 18. Re1 1/2-1/2

[Event "FIDE World Youth U16 Chess Olympiad SLOVAKIA 2016"]
[Site "Poprad Tatry SLOVAKIA"]
[Date "2016.07.24"]
[Round "4"]
[Board "2"]
[White "Hakobyan, Aram"]
[Black "Esipenko, Andrey"]
[Result "1/2-1/2"]
[WhiteElo "2382"]
[BlackElo "2477"]
[PlyCount "35"]
[EventDate "2016.07.22"]
[EventType "team"]
[EventRounds "9"]
[EventCountry "SVK"]
[WhiteTeam "Armenia"]
[BlackTeam "Russia"]

1. Nf3 c5 2. e4 d6 3. Nc3 Nf6 4. d4 cxd4 5. Nxd4 a6 6. Be2 e5 7. Nb3 Be7 8. Be3
Be6 9. O-O O-O 10. Qd3 Nc6 11. a3 d5 12. exd5 Nxd5 13. Nxd5 Qxd5 14. Qxd5 Bxd5
15. c4 Be6 16. Nc5 Bxc5 17. Bxc5 Rfd8 18. Rad1 1/2-1/2